Modern trends in Islam

Bibliographic Details
Main Author: Gibb, H. A. R. [ (Hamilton Alexander Rosskeen)] , 1895-1971 (Author)
Format: Book
Published: New York : Octagon Books , 1978
Subjects:

MARC

LEADER 00000cam a2200000 7i4500
001 0000004524
005 20061017093000.0
008 021118s1978
020 |a 0374930465 
090 0 0 |a BP161.2   |b .G522 
100 0 |a Gibb, H. A. R. [  |q (Hamilton Alexander Rosskeen)] ,   |d 1895-1971 ,   |e author 
245 0 0 |a Modern trends in Islam   |c H. A. R. Gibb 
260 2 |a New York :   |b Octagon Books ,   |c 1978 
300 |a 141 p. ;   |c 22 cm. 
650 0 |a Islam   |y 20th century 
999 |a 1000061924   |b Book   |c OPEN SHELF (30 DAYS)   |e Gong Badak Campus